Central Library OPAC University of Rajshahi

ইমাম তহাভীর জীবনী এবং হাদীস শাস্ত্রে তাঁর অবদান / (Record no. 82732)

MARC details
000 -LEADER
fixed length control field 01499nam a2200253 a 4500
001 - CONTROL NUMBER
RUCL Control Number 82732
003 - CONTROL NUMBER IDENTIFIER
rucl marc code BD-RjUL
005 - DATE AND TIME OF LATEST TRANSACTION
control field 20240123103400.0
008 - FIXED-LENGTH DATA ELEMENTS--GENERAL INFORMATION
fixed length control field 240123s1991 bg ||||| m||| 00| 0 ben d
035 ## - SYSTEM CONTROL NUMBER
system control number (BD-RjUL)82732
040 ## - CATALOGING SOURCE
Original cataloging agency BD-RjUL
Language of cataloging ben / eng
Transcribing agency BD-RjUL
Modifying agency BD-RjUL
041 ## - LANGUAGE CODE
Language code of Book ben
082 ## - DEWEY DECIMAL CLASSIFICATION NUMBER
DDC Edition number 23
Classification number 297.60924
Author mark and Year 1991 SHI
100 ## - MAIN ENTRY--PERSONAL NAME
Personal name শফিকুল্লাহ, মুহাম্মদ
245 10 - TITLE STATEMENT
Title ইমাম তহাভীর জীবনী এবং হাদীস শাস্ত্রে তাঁর অবদান /
Statement of responsibility, etc মুহাম্মদ শফিকুল্লাহ ;
Name of Supervisor/Co-Supervisor তত্ত্বাবধায়ক : মুহাম্মদ মজীবুর রহমান
260 ## - PUBLICATION, DISTRIBUTION, ETC. (IMPRINT)
Place of publication, distribution, etc রাজশাহী :
Name of publisher, distributor, etc ইসলামিক স্টাডিজ বিভাগ,রাজশাহী বিশ্ববিদ্যালয়,
Date of publication, distribution, etc ১৯৯১
300 ## - PHYSICAL DESCRIPTION
Pagination [চৌদ্দ], ৩২৭ পাতা ;
Dimensions ২৯ সেমি.
502 ## - DISSERTATION NOTE
Dissertation note থিসিস (পিএইচ. ডি.) -- ইসলামিক স্টাডিজ বিভাগ,রাজশাহী বিশ্ববিদ্যালয়, ১৯৯১
504 ## - BIBLIOGRAPHY, ETC. NOTE
Bibliography, etc গ্রন্থপঞ্জী : পাতা ২৮৬-৩০০
650 ## - SUBJECT ADDED ENTRY--TOPICAL TERM
Topical term or geographic name as entry element ইসলাম
Form subdivision সংগঠন
9 (RLIN) 11036
Topical term or geographic name as entry element Islam
Form subdivision Organization
9 (RLIN) 11037
700 ## - ADDED ENTRY--SUPERVISOR/CO-SUPERVISOR NAME
Personal name রহমান, মুহাম্মদ মজীবুর, তত্ত্বাবধায়ক
9 (RLIN) 11038
942 ## - ADDED ENTRY ELEMENTS (KOHA)
Source of classification or shelving scheme Dewey Decimal Classification
Koha item type Theses
Holdings
Source of classification or shelving scheme Damaged status Not for loan Collection code Permanent Location Current Location Shelving location Date of accession Full call number Barcode Date last seen Copy number Thesis
Dewey Decimal Classification   Not For Loan Theses Central Library, University of Rajshahi Central Library, University of Rajshahi Documentation Section   BTHE 297.60924 SHI 1991 D1494 23/01/2024 C-1 Theses